Ullmann's energy (Record no. 355901)
[ view plain ]
| 000 -LEADER | |
|---|---|
| fixed length control field | 00472nam a22001337a 4500 |
| 008 - FIXED-LENGTH DATA ELEMENTS--GENERAL INFORMATION | |
| fixed length control field | 160104b xxu||||| |||| 00| 0 eng d |
| 020 ## - INTERNATIONAL STANDARD BOOK NUMBER | |
| International Standard Book Number | 9783527333707 |
| 082 ## - DEWEY DECIMAL CLASSIFICATION NUMBER | |
| Edition number | 23 |
| Classification number | 621.042 |
| Author Mark | ULL 2015 V.1 |
| 245 ## - TITLE STATEMENT | |
| Title | Ullmann's energy |
| Remainder of title | resources, processes, products. |
| Statement of responsibility, etc. | Editor In Chief Barbara Elvers, Humburg, Germany |
| 260 ## - PUBLICATION, DISTRIBUTION, ETC. | |
| Place of publication, distribution, etc. | Weinheim: |
| Name of publisher, distributor, etc. | Wiley, |
| Date of publication, distribution, etc. | 2015. |
| 300 ## - PHYSICAL DESCRIPTION | |
| Extent | xix, 427p. |
| Other physical details | ill, |
| Dimensions | 24cm. |
| 650 ## - SUBJECT ADDED ENTRY--TOPICAL TERM | |
| Topical term or geographic name entry element | Power resources |
| Form subdivision | Energy industries |
| General subdivision | Energy storage |
| 942 ## - ADDED ENTRY ELEMENTS (KOHA) | |
| Source of classification or shelving scheme | |
| Koha item type | Book |
| Withdrawn status | Lost status | Source of classification or shelving scheme | Damaged status | Not for loan | Collection code | Permanent Location | Current Location | Shelving location | Date acquired | Source of acquisition | Cost, normal purchase price | Total Checkouts | Full call number | Barcode | Date last seen | Price effective from | Koha item type |
|---|---|---|---|---|---|---|---|---|---|---|---|---|---|---|---|---|---|
| US-Pakistan Center for Advanced Studies in Energy (USPCAS-E) | US-Pakistan Center for Advanced Studies in Energy (USPCAS-E) | 01/04/2016 | Golden | 44458.00 | 621.042 ULL 2015 V.1 | CAS-E0001224 | 01/04/2016 | 01/04/2016 | Book | ||||||||
| US-Pakistan Center for Advanced Studies in Energy (USPCAS-E) | US-Pakistan Center for Advanced Studies in Energy (USPCAS-E) | 01/04/2016 | Golden | 44458.00 | 621.042 ULL 2015 V.2 | CAS-E0001225 | 01/04/2016 | 01/04/2016 | Book | ||||||||
| US-Pakistan Center for Advanced Studies in Energy (USPCAS-E) | US-Pakistan Center for Advanced Studies in Energy (USPCAS-E) | 01/04/2016 | Golden | 44458.00 | 621.042 ULL 2015 V.3 | CAS-E0001226 | 01/04/2016 | 01/04/2016 | Book |
